| 000 | 00458nam a2200181Ia 4500 | ||
|---|---|---|---|
| 008 | 160803s9999 xx 000 0 und d | ||
| 020 | _a0 439350727 | ||
| 100 | _aMann, Rachel | ||
| 245 | 4 | _aThe blue mittens / | |
| 245 | _cby Rachel Mann ; illustrated by Alexandra Wallner. | ||
| 260 | _aNew York : | ||
| 260 | _bScholastic Inc. | ||
| 260 | _c2002 | ||
| 300 | _a16 pages : | ||
| 300 | _bcolor illustrations ; | ||
| 300 | _c25 cm | ||
| 700 | _aBR | ||
| 999 |
_c298795 _d298795 |
||